The dynamics of wage relations in the new Europe /

"This book is intended to inform and intensify debate on wage relations in Europe. It focuses on three aspects: the state and the regulation of wages; wage forms, the reproduction of labour and living standards; and competition, the market and changes in work organisation. In papers and discuss...

Full description

Saved in:
Bibliographic Details
Other Authors: Clarke, Linda, 1947-, De Gijsel, Peter., Janssen, Jörn, 1935-
Format: Book
Language:English
French
Published: Boston : Kluwer Academic Publishers, c2000.
Subjects:
Tags: Add Tag
No Tags, Be the first to tag this record!
LEADER 02485cam a22003494a 4500
001 008337751-4
005 20021031190519.0
008 991207s2000 maua b 001 0 eng
010 |a  99088703  
020 |a 0792377427 (alk. paper) 
035 0 |a ocm42976888 
040 |a DLC  |c DLC  |d C#P  |d HBS 
041 1 |a eng  |h fre 
042 |a pcc 
043 |a e------ 
050 0 0 |a HD5014  |b .D95 2000 
082 0 0 |a 331.2/94  |2 21 
245 0 4 |a The dynamics of wage relations in the new Europe /  |c [edited] by Linda Clarke, Peter de Gijsel, and Jörn Janssen. 
260 |a Boston :  |b Kluwer Academic Publishers,  |c c2000. 
300 |a xii, 351 p. :  |b ill. ;  |c 25 cm. 
500 |a Papers prepared as a starting point for the discussions held at a 1997 symposium initiated by the DG V of the European Commission, along with summaries of the symposium discussions and conclusions. 
500 |a Includes some papers translated from French. 
504 |a Includes bibliographical references and index. 
505 0 0 |t Wage relations and European wage policy /  |r Linda Clarke, Peter de Gijsel and Jorn Janssen --  |g pt. 1.  |t The regulation of wages in the European states.  |t The transformation of wage labour and the state /  |r Jorn Janssen.  |t The national and EU-state in the regulation of wages and the composition of the wage package /  |r Gyorgy Szell.  |t Legal origins of wage labour: the evolution of the contract of employment from industrialisation to the welfare state /  |r Simon Deakin.  |t Changing wage orders: France 1900-1995 /  |r Jean Saglio.  |t The anatomy of labour cost /  |r Jan Edling.  |t Social security contributions, earmarked taxes and wage earner savings in the financing of social protection: a comparison of the British and French systems /  |r Bernard Friot. 
520 1 |a "This book is intended to inform and intensify debate on wage relations in Europe. It focuses on three aspects: the state and the regulation of wages; wage forms, the reproduction of labour and living standards; and competition, the market and changes in work organisation. In papers and discussion by a range of leading experts from east and west Europe, rehearsed initially at a symposium supported by the European Commission, entrenched orthodoxies are challenged and new approaches proposed."--Jacket. 
650 0 |a Wages  |x Government policy  |z Europe. 
650 0 |a Wages  |z Europe. 
700 1 |a Clarke, Linda,  |d 1947- 
700 1 |a De Gijsel, Peter. 
700 1 |a Janssen, Jörn,  |d 1935- 
988 |a 20020608 
906 |0 DLC